Best footballer born each year 1940-2003 - Statistics

General Stats
  • This quiz has been taken 1,948 times
    1,762 since last reset
  • The average score is 42 of 64
Answer Stats
Picture Hint Answer % Correct
1940 Pelé
99%
1985 Cristiano Ronaldo
91%
1987 Lionel Messi
90%
1980 Ronaldinho
90%
1960 Diego Maradona
89%
1992 Neymar
89%
1976 Ronaldo
89%
1998 Kylian Mbappe
88%
1988 Robert Lewandowski
88%
1981 Zlatan Ibrahimović
88%
1984 Andres Iniesta
87%
2000 Erling Håland
87%
1991 Kevin de Bruyne
87%
1947 Johan Cruyff
86%
1986 Manuel Neuer
86%
1989 Thomas Müller
86%
1975 David Beckham
85%
1942 Eusébio
85%
1978 Gianluigi Buffon
85%
1972 Zinedine Zidane
85%
1977 Thierry Henry
84%
1979 Andrea Pirlo
83%
1982 Kaká
83%
1994 Bruno Fernandes
82%
1968 Paolo Maldini
82%
1990 Toni Kroos
82%
1962 Ruud Gullit
81%
1993 Jan Oblak
80%
1983 Philipp Lahm
78%
2003 Jude Bellingham
77%
1945 Franz Beckenbauer
76%
1973 Ryan Giggs
76%
1995 Joshua Kimmich
74%
2001 Rodrygo
74%
1999 Mason Mount
73%
1967 Roberto Baggio
72%
2002 Pedri
71%
1963 Ronald Koeman
71%
1969 Dennis Bergkamp
70%
1941 Bobby Moore
68%
1974 Alessandro Del Piero
67%
1971 Henrik Larsson
65%
1970 Alan Shearer
64%
1996 Diogo Jota
63%
1997 Frenkie de Jong
62%
1946 George Best
62%
1964 Marco van Basten
61%
1955 Michel Platini
59%
1961 Lothar Matthäus
56%
1953 Zico
52%
1965 Gheorghe Hagi
50%
1944 Carlos Alberto
38%
1966 Hristo Stoichkov
38%
1951 Kenny Dalglish
34%
1954 Mario Kempes
28%
1958 Hugo Sánchez
24%
1959 Carlo Ancelotti
21%
1949 Peter Shilton
20%
1943 Gianni Rivera
19%
1956 Paolo Rossi
18%
1957 Glenn Hoddle
12%
1952 Allan Simonsen
7%
1948 Ray Clemence
6%
1950 Roberto Bettega
4%
No matching quizzes found
Score Distribution
Percent of People with Each Score
Percentile by Number Answered
Your Score History
You have not taken this quiz since the last reset